| 000 | 00492nam a2200169 i 4500 | ||
|---|---|---|---|
| 001 | 38499 | ||
| 003 | ES-MaACL | ||
| 005 | 20230906155752.0 | ||
| 007 | t| | ||
| 008 | 030225s1969 sp |||| | spa d | ||
| 100 | 1 |
_aCamacho Guizado, Eduardo. _933971 |
|
| 245 | 1 | 3 |
_aLa elegía funeral en la poesía española / _cEduardo Camacho Gizado. |
| 260 |
_aMadrid : _bGredos, _c[1969] |
||
| 300 |
_a423 p. ; _c20 cm. |
||
| 650 | 4 |
_aPoesía elegíaca española. _9170470 |
|
| 852 |
_aES-MaACL _jC-34704 |
||
| 999 |
_c38499 _d38499 |
||